RADIO PRODUCTION (Record no. 5571)

MARC details
000 -LEADER
fixed length control field 00379nam a22001577a 4500
005 - DATE AND TIME OF LATEST TRANSACTION
control field 20170916114024.0
008 - FIXED-LENGTH DATA ELEMENTS--GENERAL INFORMATION
fixed length control field 170916b xxu||||| |||| 00| 0 eng d
020 ## - INTERNATIONAL STANDARD BOOK NUMBER
ISBN 978-93-83725-91-5
041 ## - LANGUAGE CODE
Language code of text/sound track or separate title eng
082 ## - DEWEY DECIMAL CLASSIFICATION NUMBER
Classification number 384.5
100 ## - MAIN ENTRY--AUTHOR NAME
Personal name SINGH, DR PARAMVEER
245 ## - TITLE STATEMENT
Title RADIO PRODUCTION
260 ## - PUBLICATION, DISTRIBUTION, ETC. (IMPRINT)
Place of publication NEW DELHI
Name of publisher KALAPNA PRAKASHAN
Year of publication 2017
300 ## - PHYSICAL DESCRIPTION
Number of Pages 200p.
942 ## - ADDED ENTRY ELEMENTS (KOHA)
Koha item type Books
Holdings
Lost status Damaged status Home library Current library Shelving location Date acquired Source of acquisition Cost, normal purchase price Full call number Accession Number Koha item type
    JRU Library   SHELF-6-D 16/09/2017 PURCHESS 595.00 384.5 21929 Books
    JRU Library   SHELF-6-D 16/09/2017 PURCHESS 595.00 384.5 21930 Books